| 000 | 01057nam a22002657a 4500 | ||
|---|---|---|---|
| 005 | 20100701122956.0 | ||
| 008 | 100701t xxu||||| |||| 00| 0 eng d | ||
| 010 | _aENG-96343 | ||
| 020 |
_a9788121210416 _c650.00 |
||
| 035 | _aEN-79876 | ||
| 037 | _bDBAD/PUB | ||
| 040 |
_aDPL _bENG |
||
| 082 | _a934 | ||
| 100 | _aSahai, Shashi B. | ||
| 245 |
_aThe Hindu civilisation: _ba miracle of hIstory / _cby Shashi B. Sahai |
||
| 260 |
_aNew Delhi _bGyan Publishing House _c2010 |
||
| 270 |
_a23, Main Ansari Road, Darya Ganj _bNew Delhi _e110002 _k23282060 _l011-23285914 _mbooks@gyanbooks.com |
||
| 300 |
_a282p. _c23cm. (Hb) |
||
| 500 | _aincludes bibliographical references (p. [259]-265).and index | ||
| 505 | _apt. 1. The great survivor and the saviours -- pt. 2. The beauty that is Hinduism. | ||
| 650 | _aHindu civilization. | ||
| 650 |
_aHinduism _xHistory. |
||
| 942 |
_2ddc _cEN _mSAH _h934 |
||
| 999 |
_c36782 _d36782 |
||